Ultrametric functional analysis : Eighth International Conference on p-adic Functional Analysis, July 5-9, 2004, Universite Blaise Pascal, Clermont-Ferrand, France

Saved in:
Bibliographic Details
Corporate Author: International Conference on p-adic Functional Analysis Université Blaise Pascal
Other Authors: Diarra, B. (Bertin), 1944- (Editor)
Format: Conference Proceeding Book
Language:English
Published: Providence, RI : American Mathematical Society, c2005
Series:Contemporary mathematics (American Mathematical Society) ; ; 384
Subjects:
Tags: Add Tag
No Tags, Be the first to tag this record!

MARC

LEADER 00000cam a2200000 i 4500
001 1/68922
008 071220s2005 eng d
020 |a 0-8218-3684-6 
035 |l 10093311 
040 |a GR-MY-UA  |b gre  |e aacr 
041 0 |a eng 
082 0 |a 512.74  |2 (22) 
111 2 |a International Conference on p-adic Functional Analysis   |n (8th :   |d 2004 :   |c Université Blaise Pascal) 
245 1 0 |a Ultrametric functional analysis :  |b Eighth International Conference on p-adic Functional Analysis, July 5-9, 2004, Universite Blaise Pascal, Clermont-Ferrand, France /  |c B. Diarra ... [κ.ά.], editors 
260 |a Providence, RI :   |b American Mathematical Society,   |c c2005 
300 |a vii, 369 σ.;  |c 26 εκ. 
490 1 |a Contemporary mathematics  |v ; 384 
504 |a Περιέχει βιβλιογραφικές παραπομπές 
650 0 0 |a p-adic analysis  |x Congresses. 
650 0 0 |a Topological fields  |x Congresses. 
700 1 |a Diarra, B.   |q (Bertin),   |d 1944-  |4 edt 
830 0 |a Contemporary mathematics (American Mathematical Society) ;  |v ; 384 
852 |a INST  |b SAMOS  |e 20071220  |h 512.74 INT  |p 005300027484  |q 005300027484  |t BK  |y 0 
901 |a BIBL3-2007-3 
909 |a Σ  |b 140390 
922 |a 3ΕΛΗ  |b 200711  |c ΕΠΕΑΕΚ2/ΤΜΗΜΑ ΜΑΘΗΜΑΤΙΚΩΝ  |d ΕΛΕΥΘΕΡΟΥΔΑΚΗΣ 
970 |a ΡΟΥΣΣΟΥ  |b ΚΩΝΣΤΑΝΤΙΝΑ  |z 2007/12/19